000 00681nam a2200277Ia 4500
005 20260324122149.0
008 008 260324s9999 xx 000 0 eng d
020 _a9780203095126
037 _aEBOOK
040 _aCRL
040 _beng
040 _cCRL
041 _2eng
041 _aeng
084 _qCRL
100 _aDeborah Albon; Rachel Rosen
_91165367
245 0 _aNegotiating Adult-Child Relationships in Early Childhood Research
260 _bTaylor and Francis
260 _c2013
365 _a
365 _b265
856 _uhttp://www.taylorfrancis.com/books/9780203095126
942 _cEBOOK
999 _c1757904
_d1757904